Breaking Bad Character's Quiz - Statistics

General Stats
  • This quiz has been taken 2,248 times
  • The average score is 8 of 8
Answer Stats
Hint Answer % Correct
Heisenberg; has cancer Walter White
99%
"Better call, ____!" Saul Goodman
98%
Los Pollos Hermanos Gustavo Fring
97%
"Jesus Christ, Marie. It's a mineral!" Hank Schrader
97%
She f***ed Ted Skyler White
97%
"Yo, bitch!" Jesse Pinkman
96%
Kleptomaniac sister of ^ Marie Schrader
94%
Flynn; has cerebral palsy Walter White Jr.
92%
No matching quizzes found
Score Distribution
Percent of People with Each Score
Percentile by Number Answered
Your Score History
You have not taken this quiz